<?xml version="1.0" encoding="UTF-8"?>
<record
    xmlns:xsi="http://www.w3.org/2001/XMLSchema-instance"
    xsi:schemaLocation="http://www.loc.gov/MARC21/slim http://www.loc.gov/standards/marcxml/schema/MARC21slim.xsd"
    xmlns="http://www.loc.gov/MARC21/slim">

  <leader>01627nam a22002177a 4500</leader>
  <datafield tag="999" ind1=" " ind2=" ">
    <subfield code="c">6506</subfield>
    <subfield code="d">6506</subfield>
  </datafield>
  <controlfield tag="003">GBCCL</controlfield>
  <controlfield tag="005">20241126110604.0</controlfield>
  <controlfield tag="008">180516b           ||||| |||| 00| 0 eng d</controlfield>
  <datafield tag="040" ind1=" " ind2=" ">
    <subfield code="c">GBC</subfield>
  </datafield>
  <datafield tag="082" ind1=" " ind2=" ">
    <subfield code="a">253.0202</subfield>
    <subfield code="b">ADA</subfield>
  </datafield>
  <datafield tag="100" ind1=" " ind2=" ">
    <subfield code="a">Adams, Jay Edward </subfield>
    <subfield code="9">577</subfield>
  </datafield>
  <datafield tag="245" ind1=" " ind2=" ">
    <subfield code="a">Shepherding God's flock :</subfield>
    <subfield code="b"> a handbook on pastoral ministry, counseling, and leadership</subfield>
    <subfield code="c">Jay Edward Adams</subfield>
  </datafield>
  <datafield tag="260" ind1=" " ind2=" ">
    <subfield code="c">1986</subfield>
    <subfield code="a">Grand Rapids, MI :</subfield>
    <subfield code="b">Zondervan</subfield>
  </datafield>
  <datafield tag="300" ind1=" " ind2=" ">
    <subfield code="a"> 3 volumes in 1.</subfield>
  </datafield>
  <datafield tag="505" ind1=" " ind2=" ">
    <subfield code="a">Shepherding God's Flock is both a textbook for students of pastoral ministry and a handbook for pastors. Jay Adams is well-known for his practical and thorough approach to the many issues of Christian counseling. That same practicality and thoroughness is found in this unparalleled handbook on pastoral ministry. Not only does it offer pastors one of the best resources in print, but it also provides church elders with an orientation and practical guide to aspects of ministry for which they have responsibility. It is truly a shepherd's handbook. The book is divided into three parts. Pastoral Life deals with the pastor, his calling, and the general care he provides the flock. Pastoral Counseling provides an overview of the task and a general approach for pastoral counselors. Pastoral Leadership offers a perspective on the ways the pastor can lead the church in its many tasks and responsibilities.</subfield>
  </datafield>
  <datafield tag="505" ind1=" " ind2=" ">
    <subfield code="a">v. 1. The pastoral life --
v. 2. Pastoral counseling --
v. 3. Pastoral leadership.</subfield>
  </datafield>
  <datafield tag="650" ind1=" " ind2=" ">
    <subfield code="a">Pastoral theology. </subfield>
    <subfield code="9">414</subfield>
  </datafield>
  <datafield tag="650" ind1=" " ind2=" ">
    <subfield code="a">Pastoral counseling. </subfield>
    <subfield code="9">547</subfield>
  </datafield>
  <datafield tag="650" ind1=" " ind2=" ">
    <subfield code="a">Christian leadership.</subfield>
    <subfield code="9">1568</subfield>
  </datafield>
  <datafield tag="942" ind1=" " ind2=" ">
    <subfield code="2">ddc</subfield>
    <subfield code="c">BK</subfield>
    <subfield code="0">7</subfield>
  </datafield>
  <datafield tag="952" ind1=" " ind2=" ">
    <subfield code="0">0</subfield>
    <subfield code="1">0</subfield>
    <subfield code="2">ddc</subfield>
    <subfield code="4">0</subfield>
    <subfield code="7">0</subfield>
    <subfield code="a">GBC</subfield>
    <subfield code="b">GBC</subfield>
    <subfield code="c">MNMS</subfield>
    <subfield code="d">2018-05-16</subfield>
    <subfield code="l">7</subfield>
    <subfield code="o">253.0202 ADA</subfield>
    <subfield code="p">009968</subfield>
    <subfield code="r">2025-05-01 00:00:00</subfield>
    <subfield code="s">2024-02-19</subfield>
    <subfield code="t">c.1</subfield>
    <subfield code="w">2018-05-16</subfield>
    <subfield code="y">BK</subfield>
  </datafield>
</record>
